000
00329nam a22001457a 4500
003
CEME
005
20210628203928.0
008
210309b xxu||||| |||| 00| 0 eng d
020
_a
1-55512-146-2
040
_c
.
082
_a
621.391 PER'I
245
_a
Peripheral components
260
_a
USA
_b
INTEL
_c
1992
942
_c
BK
_2
ddc
999
_c
575572
_d
575572